Influence of Solvency II on valuing process of technical reserves and its disclosure in the financial statements according to IAS/IFRS
Poisťovacie spoločnosti ako špeciálny druh finančných subjektov. Hodnotenie aktív a pasív. Neistota pri oceňovaní technických rezerv poisťovní. Solvency II a európsky poistný trh. Účtovníctvo a vykazovanie poisťovní podľa IFRS.
Salvato in:
| Autore principale: | |
|---|---|
| Altri autori: | |
| Natura: | Capitolo di libro |
| Lingua: | inglese |
| Soggetti: | |
| Tags: |
Nessun Tag, puoi essere il primo ad aggiungerne!!
|
MARC
| LEADER | 00000nla a2200000 4500 | ||
|---|---|---|---|
| 001 | 0225864 | ||
| 005 | 20240502083604.1 | ||
| 041 | 0 | |a eng | |
| 044 | |a CZ | ||
| 245 | 1 | 0 | |a Influence of Solvency II on valuing process of technical reserves and its disclosure in the financial statements according to IAS/IFRS |c Daniela Katríková, Zuzana Gajdošová |
| 520 | |a Poisťovacie spoločnosti ako špeciálny druh finančných subjektov. Hodnotenie aktív a pasív. Neistota pri oceňovaní technických rezerv poisťovní. Solvency II a európsky poistný trh. Účtovníctvo a vykazovanie poisťovní podľa IFRS. | ||
| 610 | 2 | 0 | |a poisťovníctvo |
| 610 | 2 | 0 | |a trh poistný |
| 610 | 2 | 0 | |a aktíva |
| 610 | 2 | 0 | |a pasíva |
| 610 | 2 | 0 | |a majetok finančný |
| 610 | 2 | 0 | |a záväzky |
| 610 | 2 | 0 | |a oceňovanie |
| 610 | 2 | 0 | |a IFRS |
| 100 | 1 | |a Katríková, Daniela | |
| 700 | 1 | |a Gajdošová, Zuzana, 1988- | |